000 00474cam a22001457a 4500
008 180718b1984 xxu||||| |||| 00| 0 eng d
082 _aL8 B623
100 _aBllom, Robert
245 _aInflation accounting: reporting of general and specific price changes
_cby Robert Bloom and Araya Debessay
260 _aNew York
_bPraeger
_c1984
300 _a316p.
500 _aBibl.p.271-98, Pound 29.95
650 _aAccounting --Effect of inflation on
700 _aDebessay, Araya
999 _c342284
_d342284